| 000 | 00781nam a22002297a 4500 | ||
|---|---|---|---|
| 005 | 20140916105930.0 | ||
| 010 | _aENG-109001 | ||
| 020 |
_a9789351430490 _c395.00 |
||
| 035 | _aEN-92534 | ||
| 035 | _aB-536551-587 | ||
| 037 | _bDBAD/PUB | ||
| 037 |
_bKBD/Ven _adpl |
||
| 082 | _a000 | ||
| 082 | _a340 | ||
| 245 | _aPractice Test Papers for judicial services examinations & other law competitive examinations/ | ||
| 260 |
_aGurgaon _bLexis Nexis _c2013 |
||
| 270 |
_a14th floor, Building No 10, Tower-B, DLF Cyber City, Phase-ll, _bGurgaon _e122002 |
||
| 300 |
_a492p. _c24cm(pbk) |
||
| 490 | _aCATAPULT test prep series | ||
| 942 |
_2ddc _cEN _mPRA _h340 |
||
| 999 |
_c81461 _d81461 |
||